Out Times 1900-1960 / (Record no. 186982)
[ view plain ]
| 000 -LEADER | |
|---|---|
| fixed length control field | 00814 a2200169 4500 |
| 003 - CONTROL NUMBER IDENTIFIER | |
| control field | Nust |
| 005 - DATE AND TIME OF LATEST TRANSACTION | |
| control field | 20230201125536.0 |
| 040 ## - CATALOGING SOURCE | |
| Transcribing agency | Nust |
| 082 ## - DEWEY DECIMAL CLASSIFICATION NUMBER | |
| Classification number | 940,KIN |
| 100 ## - MAIN ENTRY--PERSONAL NAME | |
| Personal name | Stephan King Hall |
| 9 (RLIN) | 108372 |
| 245 ## - TITLE STATEMENT | |
| Title | Out Times 1900-1960 / |
| Statement of responsibility, etc. | Stephen king-Hall |
| 260 ## - PUBLICATION, DISTRIBUTION, ETC. | |
| Place of publication, distribution, etc. | London |
| Name of publisher, distributor, etc. | Faber and Faber |
| Date of publication, distribution, etc. | 1961 |
| 300 ## - PHYSICAL DESCRIPTION | |
| Extent | 352 |
| 505 ## - FORMATTED CONTENTS NOTE | |
| Formatted contents note | Origins of the pox Britannica (Page-15), The pox Britannica (Page-22),World war I,1914-18 (Page-40), World war I, military (Page-48), World war I, war at sea (Page-63),World war I, victory (Page-78),Evil omens (Page-150), Der fuehrer (Page-161), N.A.T.O and united Europe (Page-245), After Stalin (Page-258), The British revolving (Page-313), The chains people (Page-330),The future of mankind (Page-335). |
| 650 ## - SUBJECT ADDED ENTRY--TOPICAL TERM | |
| Topical term or geographic name entry element | Out Times 1900-1960 |
| 9 (RLIN) | 108373 |
| 942 ## - ADDED ENTRY ELEMENTS (KOHA) | |
| Source of classification or shelving scheme | |
| Koha item type | Book |
| Call number prefix | 940,KIN |
| Withdrawn status | Lost status | Source of classification or shelving scheme | Damaged status | Not for loan | Permanent Location | Current Location | Shelving location | Date acquired | Full call number | Barcode | Date last seen | Price effective from | Koha item type | Public note |
|---|---|---|---|---|---|---|---|---|---|---|---|---|---|---|
| Military College of Signals (MCS) | Military College of Signals (MCS) | General Stacks | 12/12/2016 | 940,KIN | MCS29137 | 12/08/2016 | 12/12/2016 | Book | Almirah No. 59, Shelf No.6 |
